000 00673nam a2200193Ia 4500
003 GCL
008 140319s9999 xx 000 0 ara d
040 _aGCL /
_cGCL
082 0 4 _aق
_b932
_bو م
100 1 _aوزارة الثقافة والارشاد القومى
245 1 0 _aمشروع انقاذ اثار النوبة /
_cوزارة الثقافة والارشاد القومى
300 _a98 ص
490 _aالهيئة العامة للاستعلامات
_v0
650 0 4 _aالحضارة الفرعونية
650 0 4 _aالاثار الفرعونية
650 0 4 _aالاثار
650 0 4 _aمصر - الاثار الفرعونية
942 _2ddc
_cBK
999 _c49272
_d49272